| 000 | 01328cam a2200253 4500 | ||
|---|---|---|---|
| 002 | ##7269 | ||
| 008 | #DATE n2004 000 0 eng u | ||
| 020 |
_a1842191527 _a9781842191527 (2005 reprint) |
||
| 035 | _a(Sirsi) u122697 | ||
| 041 | 0 | _aeng | |
| 050 | 0 | 4 | _a692.2 $2 18 |
| 100 | 1 | _aHannaford, S. | |
| 245 | 0 | 0 |
_aCase in point _bparty walls |
| 260 |
_aLondon _bRICS _c2004 |
||
| 300 |
_axxii, 106p. _c21cm. |
||
| 350 | _a19.95 | ||
| 490 | 4 | _aRICS Case in Point Series | |
| 520 | _aA practical, case-based guide for the party wall practitioner, giving a rapid insight into the key legal issues, and easy access to essential information. Based on summaries of party wall cases, this guide covers: practical application of legislation; detail of the Party Wall Etc. Act 1996; notices - what they include, who serves them, and on whom; dispute resolution, the role of the surveyor; awards - content, compliance and challenge; surveyors' role and liability; rights and responsibilities of owners and adjoining owners; and special sections on changes in ownership, support and easements. | ||
| 650 | 2 | 4 | _aPARTY WALL ETC ACT 1996 |
| 690 | _aPROPERTY-PROPERTY MANAGEMENT-EASEMENTS-PARTY WALL SURVEYING-PARTY WALLS | ||
| 700 | 1 | _aStephens, J. | |
| 710 | 2 |
_aRoyal Institution of Chartered Surveyors _94900 |
|
| 942 | _n0 | ||
| 999 |
_c102910 _d102910 |
||